Maʻn ibn Aws : ḥayātuhu, shiʻruhu, akhbāruh /
محفوظ في:
المؤلف الرئيسي:
التنسيق: كتاب
اللغة: Arabic
منشور في:
Miṣr :
Maṭbaʻat al-Nahḍah,
1927.
الطبعة: al-Ṭabʻah 1.
الموضوعات:
الوسوم: إضافة وسم
لا توجد وسوم, كن أول من يضع وسما على هذه التسجيلة!
رقم الطلب: PJ7700 .M35 Z8 M88 1927
| LEADER | 01175nam a2200241Ia 4500 | ||
|---|---|---|---|
| 003 | OSt | ||
| 005 | 20231025105047.0 | ||
| 008 | 130303s1927 ua cf 000 0bara d | ||
| 952 | |0 0 |1 0 |2 lcc |4 0 |6 PJ7700 M35 Z8 M88 01927 |7 1 |9 51222 |a ARCE |b ARCE |d 2023-10-25 |l 0 |o PJ7700 .M35 Z8 M88 1927 |p 1030960 |r 2023-10-25 00:00:00 |w 2023-10-25 |y BK | ||
| 999 | |c 25456 |d 25456 | ||
| 040 | |c ARCE Library | ||
| 050 | 4 | |a PJ7700 .M35 Z8 M88 1927 | |
| 100 | 1 | |6 880-01 |a Muṣṭafá, Kamāl, |e author | |
| 245 | 1 | 0 | |6 880-02 |a Maʻn ibn Aws : |b ḥayātuhu, shiʻruhu, akhbāruh / |c jamaʻahu wa-fassara alfāẓahu wa-waḍaʻa fihris aʻlāmihi Kamāl Muṣṭafá. |
| 250 | |a al-Ṭabʻah 1. | ||
| 264 | 1 | |a Miṣr : |b Maṭbaʻat al-Nahḍah, |c 1927. | |
| 300 | |a 10, 116 pages, [2] leaves of plates : |b portraits ; |c 21 cm. | ||
| 600 | 0 | 0 | |a Maʻn ibn Aws, |d -683 or 684 |v Biography. |9 35278 |
| 650 | 0 | |a Poets, Arab |v Biography. | |
| 880 | 1 | 0 | |6 245-02/(3/r |a معن بن أوس : |b حياته، شعره، أخباره |c جمعه و فسر ألفاظه و وضع فهرس إعلامه كمال مصطفي. |
| 880 | 1 | |6 100-01/(3/r |a مصطفى، كمال | |
| 901 | |a reviewed | ||
| 942 | |c BK |2 lcc | ||
